000 00374cam a22001337a 4500
008 180718b1963 xxu||||| |||| 00| 0 eng d
082 _aT25 B742p/63
245 _aThe Principles and practice of management
_cedited by E.F.L. Brech
250 _a2nd ed.
260 _aLondon
_bLongmans
_c1963
300 _a1066p.
650 _aIndustrial Management
700 _aBrech, E.F.L.
999 _c360534
_d360534